| 000 | 00961nam a2200265 a 4500 | ||
|---|---|---|---|
| 001 | 27525 | ||
| 003 | BD-RjUL | ||
| 005 | 20211209051151.0 | ||
| 008 | 140325t19641963enk b 001 0 eng d | ||
| 035 | _a(BD-RjUL)27599 | ||
| 040 |
_aFHM _cFHM _dEQO _dBD-RjUL _beng |
||
| 041 | _aeng | ||
| 082 | 0 | 0 |
_a917.3 _bLIF 1964 |
| 100 | 1 |
_aLipset, Seymour Martin. _99970 |
|
| 245 | 1 | 4 |
_aThe first new nation : _bthe United States in historical and comparative perspective / _cSeymour Martin Lipset. |
| 260 |
_aLondon ; _aCalcutta : _bHeinemann, _bScientific Book Agency, _cc1963 [1964]. |
||
| 300 |
_axv, 366 p. ; _c23 cm. |
||
| 500 | _aFirst published: New York : Basic Books, 1963. | ||
| 504 | _aIncludes bibliographical footnotes and indexes. | ||
| 650 | 0 |
_aNational characteristics, American. _951807 |
|
| 650 | 0 |
_aComparative government. _984545 |
|
| 651 | 0 |
_aUnited States _xCivilization. _984546 |
|
| 830 | 0 |
_aHeinemann books on sociology _984559 |
|
| 942 |
_2ddc _cBK |
||
| 999 |
_c27525 _d27525 |
||